| 000 | 01479nam0a2200385 4500 | ||
|---|---|---|---|
| 001 | RU\NLR\BIBL_A\022076964 | ||
| 005 | 20231206155640.0 | ||
| 010 |
_a978-5-04-159896-9 _93000 |
||
| 021 |
_aRU _bКН-П-23-065192 _9КН-П-23-6630 |
||
| 035 | _a(NLR Aleph) 022076964 | ||
| 035 | _a(RuMoRGB)012219144 | ||
| 090 |
_a12677565 _c12677565 |
||
| 100 | _a20231117d2023 e y0rusy50 ca | ||
| 101 | 0 | _arus | |
| 102 | _aRU | ||
| 105 | _aa z 000yy | ||
| 181 | 0 |
_ai3 _baxxe |
|
| 182 | 0 | _an | |
| 200 | 1 |
_aРусский язык _e[8-11 классы _eвсе темы школьного курса _eдля старшего школьного возраста] _fЕ. А. Маханова |
|
| 203 |
_aТекст _bвизуальный _cнепосредственный |
||
| 210 |
_aМосква _cЭксмо _d2023 |
||
| 215 |
_a319 с. _cил. _d24 |
||
| 225 | 1 | _aБольшой наглядный справочник школьника | |
| 225 | 1 | _aСдаём ОГЭ и ЕГЭ! | |
| 300 | _aНа обл. авт. не указан | ||
| 333 | _a6+ | ||
| 606 | 1 |
_aРусский язык _jСправочники для школьников _2nlr_sh2 _3RU\NLR\AUTH\66969347 |
|
| 675 |
_a373.167.1:811.161.1 _v4 |
||
| 675 |
_a811.161.1(075.3) _v4 |
||
| 686 | 3 | _aШ141.12-922.1[8/11] | |
| 700 | 1 |
_aМаханова _bЕ. А. _gЕлена Александровна |
|
| 942 | _cBOOK | ||
| 980 | _aNB | ||